000 01006cab a22002055a 4500
001 E154189
008 111025e20111025xxk 000 0 eng u
035 _a(Sirsi) u154189
041 0 _aeng
110 2 _aBank of Scotland
_95792
245 0 0 _aPeterhead sees biggest property price gains in the UK over last decade
_h[electronic resource]
260 _c2011
490 _aBank of Scotland Press Release
_v25 October 2011
520 _aResearch by the Bank of Scotland suggests that the top four towns with the biggest increase in property values per sqm over the last ten years are in Scotland. Peterhead is the town where sqm values have increased the most over the last decade, with a 160% rise.
590 _aKA
651 4 _aScotland
_y1999-
690 _aPROPERTY-RESIDENTIAL PROPERTY-RESIDENTIAL PROPERTY MARKET
856 4 0 _uhttps://www.lloydsbankinggroup.com/media/pdfs/bos/2011/251011Scotland_SquareMetre.pdf
_zView the news release free of charge at www.lloydsbankinggroup.com
942 _n0
999 _c83523
_d83523